LIBRARY & INFORMATION CENTRE, KCAET, TAVANUR

ONLINE PUBLIC ACCESS CATALOGUE (OPAC)

Introduction to design engineering / (Record no. 12173)

MARC details
000 -LEADER
fixed length control field 00443cam a2200169ua 4500
041 ## - LANGUAGE CODE
Language code of text/sound track or separate title eng
082 ## - DEWEY DECIMAL CLASSIFICATION NUMBER
Classification number 620.0042
Item number PAR/IN
100 ## - MAIN ENTRY--AUTHOR NAME
Personal name Parameswaran, P.A .
245 ## - TITLE STATEMENT
Title Introduction to design engineering /
260 ## - PUBLICATION, DISTRIBUTION, ETC. (IMPRINT)
Place of publication New Delhi :
Name of publisher Narosa Publishing House ,
Year of publication 2004.
300 ## - PHYSICAL DESCRIPTION
Number of Pages 208 ; .
942 ## - ADDED ENTRY ELEMENTS (KOHA)
Koha item type Books
Holdings
Withdrawn status Lost status Damaged status Home library Current library Date acquired Full call number Accession Number Koha item type
      KAUAET   07/04/2012 620.0042 20879 Books
free website counter